Представление документа в формате MARC21

ПолеНазваниеЗначение
  Тип записи a
  Библиографический уровень m
001 Контрольный номер BIBLIOCLUB\0000725620
005 Дата корректировки 20260430154907.1
006 m o d
007 Элементы данных для физической характеристики c|||||||||||||
008 Кодируемые данные s2025 rus o eng d
020 Индекс ISBN __
a ISBN 978-5-9729-2143-0
041 Код языка издания 0_
a Код языка текста eng
084 Индекс другой классификации/Индекс ББК __
a Индекс другой классификации/Индекс ББК 16.351я73
b Номер единицы LBC/PL
2 Источник индекса rubbk
084 Индекс другой классификации/Индекс ББК __
a Индекс другой классификации/Индекс ББК 32.973.23я73
b Номер единицы LBC/PL
2 Источник индекса rubbk
100 Автор 1_
a Автор Майтак Р. В.
245 Заглавие 10
a Заглавие Python, Django, Data Science
d [Python, Django, Наука о данных]
b Продолж. заглавия учебное пособие
c Ответственность Р. В. Майтак, П. А. Пылов, А. В. Протодьяконов
260 Выходные данные __
a Место издания Москва, Вологда
b Издательство Инфра-Инженерия
c Дата издания 2025
300 Физическое описание __
a Объем 516 с.
504 Библиография __
a Библиография Библиогр. в кн
653 Ключевые слова 1_
a Ключевые слова Учебник для высшей школы
700 Другие авторы _1
a Другие авторы Протодьяконов А. В.
700 Другие авторы _1
a Другие авторы Пылов П. А.
856 Электронный адрес документа 40
3 Область применения данных поля Университетская библиотека ONLINE
u URL https://biblioclub.ru/index.php?page=book&id=725620
900 Электронные ресурсы __
a Имя электронного ресурса https://img.biblioclub.ru/sm_cover/663f0133d5e54764c743baf89ecf5ca453jdnqo5k1/cover.jpg